[Event "15. Sueder Sommerpokal 2005"]
[Site "Recklinghausen GER"]
[Date "2005.08.01"]
[Round "1.1"]
[White "Werner, Michael"]
[Black "Mikhaletz, Lubomir"]
[Result "0-1"]
[WhiteElo "2144"]
[BlackElo "2451"]
[PlyCount "60"]
[EventDate "2005.08.01"]
[EventType "swiss"]
[EventRounds "9"]
[EventCountry "GER"]
[Source "lmi"]
[SourceDate "2005.08.02"]

1. d4 d6 2. c4 e5 3. dxe5 dxe5 4. Qxd8+ Kxd8 5. Nf3 f6 6. Nc3 Be6 7. e4 Nd7 8.
Be2 Bb4 9. Be3 Bxc3+ 10. bxc3 c5 11. O-O Ne7 12. a4 Kc7 13. Nd2 Nc6 14. a5 b6
15. Nb3 Rhd8 16. Rfd1 Rab8 17. Kf1 Nf8 18. Rxd8 Rxd8 19. Ke1 Ng6 20. g3 Nge7
21. f4 Nc8 22. f5 Bf7 23. a6 Nd6 24. Nd2 h5 25. h3 g6 26. g4 hxg4 27. hxg4 Rh8
28. Kf2 Rh2+ 29. Kf3 gxf5 30. exf5 e4+ 0-1

[Event "15. Sueder Sommerpokal 2005"]
[Site "Recklinghausen GER"]
[Date "2005.08.01"]
[Round "1.2"]
[White "Mainka, Romuald"]
[Black "Zarges, Stephan"]
[Result "1-0"]
[WhiteElo "2446"]
[BlackElo "2138"]
[PlyCount "57"]
[EventDate "2005.08.01"]
[EventType "swiss"]
[EventRounds "9"]
[EventCountry "GER"]
[Source "lmi"]
[SourceDate "2005.08.02"]

1. e4 e5 2. Nf3 Nc6 3. Bc4 Bc5 4. d3 Nf6 5. c3 d6 6. Nbd2 O-O 7. h3 Bb6 8. Bb3
Ne7 9. Nf1 Ng6 10. Ng3 Be6 11. O-O Bxb3 12. Qxb3 Nd7 13. d4 Nh4 14. Nxh4 Qxh4
15. Be3 Rfe8 16. a4 a5 17. Rae1 Rab8 18. Kh2 exd4 19. cxd4 Qf6 20. f4 Nf8 21.
Qd1 Qd8 22. f5 c5 23. f6 g6 24. d5 Nd7 25. Bh6 Ne5 26. Qd2 Qd7 27. Bg7 Bd8 28.
Qh6 b5 29. Bh8 1-0

[Event "15. Sueder Sommerpokal 2005"]
[Site "Recklinghausen GER"]
[Date "2005.08.01"]
[Round "1.4"]
[White "Savchenko, Vyacheslav"]
[Black "Weißkopf, Lutz"]
[Result "1-0"]
[WhiteElo "2387"]
[BlackElo "2122"]
[PlyCount "99"]
[EventDate "2005.08.01"]
[EventType "swiss"]
[EventRounds "9"]
[EventCountry "GER"]
[Source "lmi"]
[SourceDate "2005.08.02"]

1. e4 c5 2. Nf3 d6 3. d4 cxd4 4. Qxd4 a6 5. c4 Nc6 6. Qd2 Nf6 7. Nc3 g6 8. b3
Bg7 9. Bb2 O-O 10. Be2 Qa5 11. Nd5 Nxe4 12. Nxe7+ Kh8 13. Bxg7+ Kxg7 14. Nxc6
Qxd2+ 15. Nxd2 Nxd2 16. Kxd2 bxc6 17. Kc3 Be6 18. Rhd1 d5 19. Rd2 a5 20. Bf3
Rfc8 21. c5 Rcb8 22. Be2 Rb4 23. Rad1 Rh4 24. h3 Rf4 25. f3 Rb4 26. Rd4 Rab8
27. f4 h5 28. R1d2 Kf6 29. h4 Bf5 30. Ba6 Be4 31. g3 Kf5 32. Be2 Bb1 33. Rb2
Be4 34. a3 Rxd4 35. Kxd4 Ke6 36. Ba6 f6 37. b4 axb4 38. Rxb4 Rxb4+ 39. axb4 Kd7
40. Bf1 Kc7 41. b5 Bf5 42. Be2 Kb7 43. bxc6+ Kxc6 44. Bd1 Be4 45. Bb3 Bf3 46.
Ba4+ Kc7 47. Bc2 f5 48. Bb3 Kc6 49. Ba4+ Kc7 50. Be8 1-0

[Event "15. Sueder Sommerpokal 2005"]
[Site "Recklinghausen GER"]
[Date "2005.08.01"]
[Round "1.5"]
[White "Rebber, Christian"]
[Black "Halasz, Tamas"]
[Result "0-1"]
[WhiteElo "2108"]
[BlackElo "2385"]
[PlyCount "54"]
[EventDate "2005.08.01"]
[EventType "swiss"]
[EventRounds "9"]
[EventCountry "GER"]
[Source "lmi"]
[SourceDate "2005.08.02"]

1. e4 e5 2. Nf3 Nf6 3. Nxe5 d6 4. Nf3 Nxe4 5. d4 d5 6. Bd3 Nc6 7. O-O Bg4 8.
Re1 Be7 9. c3 f5 10. Nbd2 Qd6 11. Qc2 O-O-O 12. a4 a5 13. Nf1 Qg6 14. Kh1 Bd6
15. Ng3 Rhe8 16. Bxe4 fxe4 17. Ng1 h5 18. Be3 h4 19. N3e2 h3 20. gxh3 Rh8 21.
Nf4 Qh7 22. f3 Bf5 23. Qg2 exf3 24. Nxf3 Be4 25. Kg1 Qf5 26. Qg3 Bxf4 27. Bxf4
Rxh3 0-1

[Event "15. Sueder Sommerpokal 2005"]
[Site "Recklinghausen GER"]
[Date "2005.08.01"]
[Round "1.6"]
[White "Bakhmatov, Eduard"]
[Black "Krug, Kevin"]
[Result "1-0"]
[WhiteElo "2373"]
[BlackElo "2098"]
[PlyCount "99"]
[EventDate "2005.08.01"]
[EventType "swiss"]
[EventRounds "9"]
[EventCountry "GER"]
[Source "lmi"]
[SourceDate "2005.08.02"]

1. e4 Nc6 2. Nf3 e5 3. Bc4 Nf6 4. d4 exd4 5. e5 d5 6. Bb5 Ne4 7. Nxd4 Bd7 8.
Bxc6 bxc6 9. O-O Be7 10. f3 Nc5 11. f4 O-O 12. f5 Ne4 13. Nc3 c5 14. Nde2 Bc6
15. Nxe4 dxe4 16. Qe1 Bh4 17. g3 Bg5 18. Bxg5 Qxg5 19. Qc3 Bd7 20. Qxc5 Bxf5
21. Rae1 Rfe8 22. Nf4 h5 23. e6 fxe6 24. Rxe4 Qg4 25. Re3 Rad8 26. Qxc7 Rd2 27.
Rf2 Qd1+ 28. Kg2 Rf8 29. Rxd2 Qxd2+ 30. Re2 Be4+ 31. Kh3 Bf5+ 32. Kh4 Qd4 33.
Qe7 Bg4 34. c3 Qb6 35. Nxe6 Bxe6 36. Qxe6+ Qxe6 37. Rxe6 Rf2 38. Kxh5 Rxh2+ 39.
Kg6 Rh6+ 40. Kf5 Rh2 41. Ra6 Rxb2 42. Rxa7 Rb5+ 43. Ke4 Rg5 44. c4 Rxg3 45. c5
Rc3 46. Kd4 Rc2 47. Kd5 g5 48. c6 g4 49. c7 g3 50. Ra8+ 1-0

[Event "15. Sueder Sommerpokal 2005"]
[Site "Recklinghausen GER"]
[Date "2005.08.01"]
[Round "1.7"]
[White "Reichelt, Manfred"]
[Black "Kiseleva, Natalia"]
[Result "0-1"]
[WhiteElo "2092"]
[BlackElo "2300"]
[PlyCount "72"]
[EventDate "2005.08.01"]
[EventType "swiss"]
[EventRounds "9"]
[EventCountry "GER"]
[Source "lmi"]
[SourceDate "2005.08.02"]

1. d4 Nf6 2. Nf3 g6 3. g3 Bg7 4. c4 O-O 5. Bg2 d6 6. O-O Nbd7 7. Nc3 e5 8. e4
Re8 9. dxe5 dxe5 10. Bg5 c6 11. Qd2 Qc7 12. Rad1 Nc5 13. Bxf6 Bxf6 14. Qd6 Qxd6
15. Rxd6 Bg7 16. b4 Ne6 17. b5 Bf8 18. Rdd1 f6 19. Ne2 Nc5 20. Nd2 Rd8 21. f4
Bg4 22. Bf3 Be6 23. f5 Bf7 24. fxg6 hxg6 25. Bg4 Kg7 26. bxc6 bxc6 27. Nb3 Bxc4
28. Rc1 Bxb3 29. axb3 Rab8 30. Rf3 Rb6 31. Rfc3 Nxb3 32. R1c2 c5 33. Ra2 a6 34.
Rc4 Rd2 35. Ra3 Nd4 36. Nxd4 Rb1+ 0-1

[Event "15. Sueder Sommerpokal 2005"]
[Site "Recklinghausen GER"]
[Date "2005.08.01"]
[Round "1.8"]
[White "Kummerow, Heiko"]
[Black "Denig, Friedrich"]
[Result "1-0"]
[WhiteElo "2296"]
[BlackElo "2077"]
[PlyCount "25"]
[EventDate "2005.08.01"]
[EventType "swiss"]
[EventRounds "9"]
[EventCountry "GER"]
[Source "lmi"]
[SourceDate "2005.08.02"]

1. e4 e5 2. Nf3 Nc6 3. d4 exd4 4. Nxd4 Bc5 5. Be3 Qf6 6. Nb5 Bxe3 7. fxe3 Qh4+
8. g3 Qxe4 9. Nxc7+ Kd8 10. Nxa8 d5 11. Nc3 Qxh1 12. Nxd5 Bh3 13. Nf4+ 1-0

[Event "15. Sueder Sommerpokal 2005"]
[Site "Recklinghausen GER"]
[Date "2005.08.01"]
[Round "1.9"]
[White "Kortenbusch, Christoph"]
[Black "Eismont, Igor"]
[Result "0-1"]
[WhiteElo "2070"]
[BlackElo "2292"]
[PlyCount "104"]
[EventDate "2005.08.01"]
[EventType "swiss"]
[EventRounds "9"]
[EventCountry "GER"]
[Source "lmi"]
[SourceDate "2005.08.02"]

1. e4 c6 2. d4 d5 3. e5 Bf5 4. Nf3 e6 5. Be3 Bb4+ 6. c3 Ba5 7. Be2 Nd7 8. O-O
h6 9. c4 dxc4 10. Bxc4 Ne7 11. Nc3 O-O 12. Rc1 Nb6 13. Bd3 Nbd5 14. a3 Bxc3 15.
bxc3 Qa5 16. Bxf5 Nxf5 17. Bd2 Qxa3 18. g4 Nfe7 19. Ra1 Qb2 20. Rb1 Qa2 21.
Rxb7 Ng6 22. Qb3 Qa6 23. c4 Nb6 24. Rc7 Rfc8 25. Rxc8+ Rxc8 26. c5 Nd5 27. Rb1
Rd8 28. h4 Nf8 29. Rb2 Ra8 30. Be3 Nd7 31. Ra2 Qc8 32. Qa3 a5 33. Kg2 Qa6 34.
h5 Nb4 35. Rd2 Qc4 36. g5 hxg5 37. Nxg5 a4 38. Ne4 Nxe5 39. h6 Qd5 40. f3 Nxf3
41. Kxf3 f5 42. Qxb4 Qxe4+ 43. Ke2 Rf8 44. hxg7 Kxg7 45. Qxa4 f4 46. Qb3 fxe3
47. Qxe3 Qg4+ 48. Ke1 Rf3 49. Qe5+ Kf7 50. Qc7+ Kg6 51. Qh2 Qe4+ 52. Qe2 Re3
0-1

[Event "15. Sueder Sommerpokal 2005"]
[Site "Recklinghausen GER"]
[Date "2005.08.01"]
[Round "1.10"]
[White "Kartsev, Soel"]
[Black "Viebahn, Dirk"]
[Result "0-1"]
[WhiteElo "2269"]
[BlackElo "2063"]
[PlyCount "84"]
[EventDate "2005.08.01"]
[EventType "swiss"]
[EventRounds "9"]
[EventCountry "GER"]
[Source "lmi"]
[SourceDate "2005.08.02"]

1. f4 d5 2. Nf3 Bg4 3. g3 Bxf3 4. exf3 Nf6 5. d4 c6 6. Be3 Qb6 7. Nd2 e6 8. Bd3
c5 9. c4 cxd4 10. Bf2 Nc6 11. O-O Be7 12. Qb3 Qxb3 13. Nxb3 Nb4 14. Bb1 dxc4
15. Nxd4 O-O 16. Re1 Nbd5 17. f5 Bb4 18. Re2 c3 19. b3 Ba3 20. Bc2 exf5 21.
Nxf5 Rae8 22. Rae1 Rxe2 23. Rxe2 b6 24. Kf1 g6 25. Ne3 Rc8 26. Ke1 Bc5 27. Kd1
Rd8 28. Kc1 Nxe3 29. Bxe3 Re8 30. Be4 Ba3+ 31. Kc2 Nxe4 32. fxe4 Rxe4 33. Kd3
Re8 34. Rc2 Bb2 35. a4 Re6 36. Bd4 Rd6 37. Kc4 a6 38. Be5 Rd2 39. Rxc3 Bxc3 40.
Bxc3 Rxh2 41. Bd4 Rc2+ 42. Kd5 Rd2 0-1

[Event "15. Sueder Sommerpokal 2005"]
[Site "Recklinghausen GER"]
[Date "2005.08.01"]
[Round "1.11"]
[White "Rütten, Ingmar"]
[Black "Hortsch-Stoyanov, Peter"]
[Result "0-1"]
[WhiteElo "2037"]
[BlackElo "2263"]
[PlyCount "98"]
[EventDate "2005.08.01"]
[EventType "swiss"]
[EventRounds "9"]
[EventCountry "GER"]
[Source "lmi"]
[SourceDate "2005.08.02"]

1. Nf3 Nf6 2. c4 e6 3. Nc3 d5 4. d4 Be7 5. Bg5 h6 6. Bh4 O-O 7. e3 Ne4 8. Bxe7
Qxe7 9. Qc2 Nxc3 10. Qxc3 c6 11. Bd3 Nd7 12. cxd5 exd5 13. O-O Rd8 14. b4 Nf8
15. Rfc1 Bd7 16. Ne5 Be8 17. Rab1 Nd7 18. Nxd7 Bxd7 19. b5 cxb5 20. Bxb5 Bf5
21. Bd3 Rac8 22. Qb3 Bxd3 23. Qxd3 Qd7 24. Qa3 b6 25. Qb3 Rc6 26. h3 Rdc8 27.
Rxc6 Rxc6 28. a4 Qd6 29. g3 g6 30. Kg2 Qe6 31. f3 Qf5 32. g4 Qe6 33. Kf2 h5 34.
e4 Qf6 35. e5 Qf4 36. Rd1 g5 37. Kg2 h4 38. Kh1 Qg3 39. Qe3 Qxh3+ 40. Kg1 Qg3+
41. Kf1 Kf8 42. Qa3+ Ke8 43. Qb3 h3 44. Qb5 Qxf3+ 45. Ke1 Qg3+ 46. Kf1 Qg2+ 47.
Ke1 Qg1+ 48. Ke2 Qxg4+ 49. Ke3 Qe4+ 0-1

[Event "15. Sueder Sommerpokal 2005"]
[Site "Recklinghausen GER"]
[Date "2005.08.01"]
[Round "1.12"]
[White "Kreslawski, Raimond"]
[Black "Distelrath, Oliver"]
[Result "1-0"]
[WhiteElo "2245"]
[BlackElo "2029"]
[PlyCount "73"]
[EventDate "2005.08.01"]
[EventType "swiss"]
[EventRounds "9"]
[EventCountry "GER"]
[Source "lmi"]
[SourceDate "2005.08.02"]

1. e4 c6 2. d4 d5 3. Nc3 dxe4 4. Nxe4 Nf6 5. Nxf6+ exf6 6. Bc4 Qe7+ 7. Qe2 Be6
8. Bb3 Bxb3 9. Qxe7+ Bxe7 10. axb3 Bd6 11. Ne2 O-O 12. Be3 Na6 13. O-O-O b5 14.
c3 Nc7 15. Bf4 Bxf4+ 16. Nxf4 a5 17. Rhe1 Rfe8 18. Kc2 Rxe1 19. Rxe1 Kf8 20.
Nd3 Ne6 21. f4 g6 22. g3 h5 23. f5 Ng5 24. Nf4 Nf3 25. Re2 a4 26. bxa4 bxa4 27.
fxg6 fxg6 28. Re6 Kg7 29. h4 c5 30. dxc5 Rc8 31. Ra6 Nh2 32. Rxa4 Nf1 33. Ra7+
Kh6 34. Rf7 Rc6 35. b4 Nxg3 36. Nd5 f5 37. Ne7 1-0

[Event "15. Sueder Sommerpokal 2005"]
[Site "Recklinghausen GER"]
[Date "2005.08.01"]
[Round "1.13"]
[White "Wachovius, Hans-Werner"]
[Black "Jähnisch, Frank"]
[Result "0-1"]
[WhiteElo "2027"]
[BlackElo "2241"]
[PlyCount "54"]
[EventDate "2005.08.01"]
[EventType "swiss"]
[EventRounds "9"]
[EventCountry "GER"]
[Source "lmi"]
[SourceDate "2005.08.02"]

1. d4 Nf6 2. Nf3 b5 3. Bf4 Bb7 4. e3 a6 5. c4 b4 6. Bd3 Nh5 7. Bg5 h6 8. Bh4 g5
9. Bg3 Nxg3 10. hxg3 Bg7 11. Nbd2 c5 12. O-O d6 13. a3 a5 14. axb4 axb4 15.
Rxa8 Bxa8 16. Qa4+ Bc6 17. Qa7 O-O 18. d5 Be8 19. b3 Nd7 20. Bf5 Qb6 21. Qxb6
Nxb6 22. Rc1 Bd7 23. Bd3 Ra8 24. e4 Bg4 25. Nh2 Ra2 26. Rc2 Ra1+ 27. Nhf1 Bd1
0-1

[Event "15. Sueder Sommerpokal 2005"]
[Site "Recklinghausen GER"]
[Date "2005.08.01"]
[Round "1.14"]
[White "Goldschmidt, Christian"]
[Black "Band, Rüdiger"]
[Result "1/2-1/2"]
[WhiteElo "2200"]
[BlackElo "2020"]
[PlyCount "36"]
[EventDate "2005.08.01"]
[EventType "swiss"]
[EventRounds "9"]
[EventCountry "GER"]
[Source "lmi"]
[SourceDate "2005.08.02"]

1. e4 c5 2. c3 e6 3. d4 d5 4. exd5 exd5 5. Nf3 Nc6 6. Be2 Bd6 7. dxc5 Bxc5 8.
Nbd2 Nf6 9. Nb3 Bb6 10. O-O Ne4 11. Nbd4 O-O 12. Be3 Re8 13. Qa4 Bd7 14. Qb3
Nxd4 15. Nxd4 Bxd4 16. cxd4 Nd2 17. Bxd2 Rxe2 18. Qd3 Qe8 1/2-1/2

[Event "15. Sueder Sommerpokal 2005"]
[Site "Recklinghausen GER"]
[Date "2005.08.01"]
[Round "1.15"]
[White "Podzielny, Karl-Heinz"]
[Black "Litwak, Aleksej"]
[Result "1-0"]
[WhiteElo "2452"]
[BlackElo "2168"]
[PlyCount "73"]
[EventDate "2005.08.01"]
[EventType "swiss"]
[EventRounds "9"]
[EventCountry "GER"]
[Source "lmi"]
[SourceDate "2005.08.02"]

1. d4 Nf6 2. Nf3 e6 3. g3 b6 4. Bg2 Bb7 5. O-O c5 6. c4 cxd4 7. Qxd4 Bc5 8. Qf4
Be7 9. Rd1 d6 10. Nc3 a6 11. b3 Nbd7 12. Ba3 Nc5 13. b4 Ncd7 14. c5 dxc5 15.
bxc5 Qb8 16. Qa4 b5 17. Qd4 Bc6 18. Ng5 e5 19. Qe3 Bxg2 20. Kxg2 Qb7+ 21. Nge4
b4 22. Qf3 Nxc5 23. Nxf6+ gxf6 24. Nd5 e4 25. Qf4 bxa3 26. Rab1 Qc6 27. Rb6 Qc8
28. Nc7+ Kf8 29. Nxa8 Nd7 30. Qxe4 Nxb6 31. Nxb6 Qe6 32. Qb7 Qxe2 33. Rd7 f5
34. Nc8 Qxa2 35. Nxe7 Qc2 36. Qb8+ Kg7 37. Qe5+ 1-0

[Event "15. Sueder Sommerpokal 2005"]
[Site "Recklinghausen GER"]
[Date "2005.08.01"]
[Round "1.16"]
[White "Bischof, Rainer"]
[Black "Ciornei, Dragos"]
[Result "0-1"]
[WhiteElo "2020"]
[BlackElo "2198"]
[PlyCount "88"]
[EventDate "2005.08.01"]
[EventType "swiss"]
[EventRounds "9"]
[EventCountry "GER"]
[Source "lmi"]
[SourceDate "2005.08.02"]

1. Nf3 Nf6 2. g3 g6 3. Bg2 Bg7 4. O-O O-O 5. d3 d6 6. e4 c5 7. Nbd2 Nc6 8. Re1
Ne8 9. c3 Rb8 10. a4 a6 11. Nb3 Be6 12. Ng5 Bxb3 13. Qxb3 h6 14. Nf3 b5 15.
axb5 axb5 16. d4 b4 17. Qc2 bxc3 18. bxc3 cxd4 19. cxd4 Nxd4 20. Nxd4 Bxd4 21.
Bxh6 Rb2 22. Qd3 Bxf2+ 23. Kh1 Bxe1 24. Bxf8 Rd2 25. Qe3 Kxf8 26. Qxe1 Rc2 27.
e5 dxe5 28. Qxe5 Nf6 29. g4 Qd2 30. Rg1 Qe2 31. Qxe2 Rxe2 32. h3 e5 33. Ra1 e4
34. Kg1 Nd5 35. Ra4 f5 36. gxf5 gxf5 37. Kf1 Nf4 38. Bh1 Kf7 39. Ra6 Rh2 40.
Bxe4 fxe4 41. Ra4 Re2 42. Ra6 e3 43. Ra4 Rf2+ 44. Ke1 Nd3+ 0-1

[Event "15. Sueder Sommerpokal 2005"]
[Site "Recklinghausen GER"]
[Date "2005.08.01"]
[Round "1.17"]
[White "Trzaska, Peter"]
[Black "Bubolz, Konstantin"]
[Result "0-1"]
[WhiteElo "2198"]
[BlackElo "2019"]
[PlyCount "112"]
[EventDate "2005.08.01"]
[EventType "swiss"]
[EventRounds "9"]
[EventCountry "GER"]
[Source "lmi"]
[SourceDate "2005.08.02"]

1. c4 e5 2. Nf3 d6 3. Nc3 Be6 4. d4 exd4 5. Nxd4 Nf6 6. Nxe6 fxe6 7. g3 c6 8.
e4 Nbd7 9. Bg2 Be7 10. O-O O-O 11. b3 Ne8 12. Bb2 Bf6 13. Qd2 Qa5 14. Rad1 Rd8
15. a3 Ne5 16. Nd5 Qxd2 17. Nxf6+ Rxf6 18. Rxd2 Nf3+ 19. Bxf3 Rxf3 20. b4 Kf7
21. Rfd1 Rb3 22. Kf1 Nf6 23. Bxf6 Kxf6 24. Rd3 Rxd3 25. Rxd3 Ke5 26. f3 g5 27.
Ke2 g4 28. fxg4 Kxe4 29. c5 d5 30. Re3+ Kd4 31. Rxe6 Kc3 32. Re3+ Kc2 33. Kf2
Rf8+ 34. Kg2 Kd2 35. Re7 d4 36. Rxb7 d3 37. Rxa7 Kc2 38. Rxh7 d2 39. Rd7 d1=Q
40. Rxd1 Kxd1 41. a4 Kc2 42. g5 Kb3 43. h4 Kxb4 44. g6 Rh8 45. Kf3 Kxc5 46. g4
Kd5 47. Kf4 Ke6 48. Kg5 c5 49. g7 Rg8 50. Kg6 c4 51. h5 c3 52. h6 c2 53. h7
Rxg7+ 54. Kxg7 c1=Q 55. h8=Q Qg5+ 56. Kh7 Kf7 0-1

[Event "15. Sueder Sommerpokal 2005"]
[Site "Recklinghausen GER"]
[Date "2005.08.01"]
[Round "1.21"]
[White "Barskij, Aleksandr"]
[Black "Oberste, Norbert"]
[Result "1/2-1/2"]
[WhiteElo "1996"]
[BlackElo "1996"]
[PlyCount "57"]
[EventDate "2005.08.01"]
[EventType "swiss"]
[EventRounds "9"]
[EventCountry "GER"]
[Source "lmi"]
[SourceDate "2005.08.02"]

1. e4 e6 2. d4 d5 3. Nc3 Bb4 4. e5 c5 5. a3 Bxc3+ 6. bxc3 Nc6 7. Qg4 Kf8 8. Nf3
h6 9. h4 g6 10. h5 g5 11. Be2 c4 12. Nd2 f5 13. exf6 Qxf6 14. Qf3 b5 15. Rb1 a6
16. Qxf6+ Nxf6 17. Nf3 Kg7 18. Ne5 Nxe5 19. dxe5 Ne4 20. Bd2 Nxd2 21. Kxd2 Rf8
22. Bf3 Rf5 23. Rbe1 Bd7 24. Re2 Raf8 25. Ke1 Rf4 26. Re3 Rh4 27. Rh3 Rxh3 28.
gxh3 Kf7 29. Bg4 1/2-1/2

[Event "15. Sueder Sommerpokal 2005"]
[Site "Recklinghausen GER"]
[Date "2005.08.01"]
[Round "1.22"]
[White "Nebel, Rudi"]
[Black "Hahn, Matthias"]
[Result "0-1"]
[WhiteElo "1598"]
[BlackElo "1994"]
[PlyCount "100"]
[EventDate "2005.08.01"]
[EventType "swiss"]
[EventRounds "9"]
[EventCountry "GER"]
[Source "lmi"]
[SourceDate "2005.08.02"]

1. e4 c5 2. Nf3 Nc6 3. c3 Nf6 4. d3 d6 5. h3 g6 6. Be3 Bg7 7. Be2 O-O 8. O-O
Rb8 9. Nbd2 b5 10. d4 Nd7 11. d5 Nce5 12. Rb1 Qa5 13. Nxe5 Bxe5 14. Qc2 Bg7 15.
f4 b4 16. Nb3 Qa4 17. c4 Qxa2 18. Bc1 Qa6 19. Ra1 Qb6 20. Be3 Ra8 21. Ra5 Qc7
22. Rfa1 Re8 23. R1a2 e6 24. Bf2 exd5 25. exd5 Nb6 26. Nc1 Bf5 27. Bd3 Bxd3 28.
Qxd3 Nd7 29. b3 Bf6 30. Ne2 Bd8 31. Ra1 Qxa5 32. Rxa5 Bxa5 33. f5 Ne5 34. Qc2
Bd8 35. fxg6 hxg6 36. Ng3 Be7 37. Be3 f5 38. Ne2 Bf6 39. Nf4 Bg5 40. Bd2 Bxf4
41. Bxf4 Kg7 42. h4 Ng4 43. Qb2+ Kf7 44. Qa1 Rad8 45. Kf1 Rd7 46. Qa6 Rde7 47.
Bd2 Re2 48. Qxa7+ R8e7 49. Qa2 Rf2+ 50. Kg1 Re1+ 0-1

[Event "15. Sueder Sommerpokal 2005"]
[Site "Recklinghausen GER"]
[Date "2005.08.01"]
[Round "1.24"]
[White "Lange, Hans-Werner"]
[Black "Rath, Oliver"]
[Result "0-1"]
[WhiteElo "1589"]
[BlackElo "1889"]
[PlyCount "98"]
[EventDate "2005.08.01"]
[EventType "swiss"]
[EventRounds "9"]
[EventCountry "GER"]
[Source "lmi"]
[SourceDate "2005.08.02"]

1. d4 d5 2. Nf3 Nf6 3. h3 e6 4. Bf4 c5 5. c3 Nc6 6. e3 Bd6 7. Ne5 a6 8. Nd2 Qc7
9. Ndf3 Nd7 10. Nxf7 Kxf7 11. Ng5+ Ke7 12. Qh5 Nd8 13. Qh4 Nf6 14. Bd3 Bxf4 15.
exf4 c4 16. Bc2 Bd7 17. O-O Nf7 18. Rfe1 Nxg5 19. Qxg5 Kf7 20. Re2 Rae8 21.
Rae1 Qb6 22. Qh4 Qd6 23. Re3 g6 24. Rf3 b5 25. g4 Reg8 26. Kh1 h5 27. g5 Ne8
28. Qg3 Kg7 29. Re5 Rf8 30. Rfe3 Rf7 31. Rf3 Rhf8 32. a3 a5 33. f5 exf5 34. Qf4
b4 35. axb4 axb4 36. Rfe3 Nc7 37. Qf3 b3 38. Bd1 f4 39. Re1 Bf5 40. Qg2 Bd3 41.
Bf3 Rf5 42. h4 Rxe5 43. Rxe5 Rf5 44. Re1 Ne6 45. Ra1 Qd7 46. Ra6 Nxd4 47. cxd4
c3 48. bxc3 b2 49. Rb6 b1=Q+ 0-1

[Event "15. Sueder Sommerpokal 2005"]
[Site "Recklinghausen GER"]
[Date "2005.08.01"]
[Round "1.25"]
[White "Simon, Roland"]
[Black "Berthy, Andreas"]
[Result "0-1"]
[WhiteElo "1877"]
[BlackElo "1582"]
[PlyCount "130"]
[EventDate "2005.08.01"]
[EventType "swiss"]
[EventRounds "9"]
[EventCountry "GER"]
[Source "lmi"]
[SourceDate "2005.08.02"]

1. g3 e5 2. Bg2 d5 3. d3 Nf6 4. Nf3 Nc6 5. O-O Bf5 6. Nbd2 Bc5 7. c3 Qd7 8. b4
Bd6 9. b5 Ne7 10. a4 Bh3 11. e4 Bxg2 12. Kxg2 c6 13. exd5 cxd5 14. Re1 Qc7 15.
Ba3 Bxa3 16. Rxa3 Ng6 17. Nxe5 Nxe5 18. Nf3 O-O 19. Nxe5 Qc5 20. Rb3 Rfe8 21.
d4 Qc7 22. Re3 Rac8 23. Rb4 Qd6 24. Qe1 Ne4 25. f3 Nxc3 26. Nd3 Rxe3 27. Qxe3
b6 28. Qe5 Qd7 29. Qe1 Qf5 30. Qd2 Qe6 31. Rb2 Nxa4 32. Ra2 Nc3 33. Rc2 Nxb5
34. Rxc8+ Qxc8 35. Ne5 Qc3 36. Qg5 f6 37. Qh5 Qc2+ 38. Kg1 Qc1+ 39. Kf2 Qd2+
40. Kg1 Qe1+ 41. Kg2 g6 42. Nxg6 Qe2+ 43. Kg1 Qd1+ 44. Kg2 Qc2+ 45. Kg1 Qd1+
46. Kg2 Qe2+ 47. Kg1 hxg6 48. Qxg6+ Kf8 49. Qxf6+ Ke8 50. Qc6+ Ke7 51. Qxd5
Qe3+ 52. Kg2 Nxd4 53. f4 Qe2+ 54. Kh3 Qe6+ 55. Qxe6+ Kxe6 56. Kg4 a5 57. h4 Kf6
58. Kh5 a4 59. g4 a3 60. Kh6 Nf5+ 61. Kh5 Ne7 62. Kh6 a2 63. h5 a1=Q 64. g5+
Kf5 65. Kh7 Qa8 0-1

[Event "15. Sueder Sommerpokal 2005"]
[Site "Recklinghausen GER"]
[Date "2005.08.01"]
[Round "1.26"]
[White "Kitis, Peter"]
[Black "Bastians, Felix"]
[Result "0-1"]
[WhiteElo "1578"]
[BlackElo "1865"]
[PlyCount "78"]
[EventDate "2005.08.01"]
[EventType "swiss"]
[EventRounds "9"]
[EventCountry "GER"]
[Source "lmi"]
[SourceDate "2005.08.02"]

1. e4 d6 2. d4 Nf6 3. Nc3 g6 4. f3 c6 5. Bc4 b5 6. Bb3 Bg7 7. Be3 Nbd7 8. Qd2
a6 9. h4 h5 10. Nh3 Nb6 11. Nf2 Qc7 12. Nd3 Nfd7 13. Ne2 c5 14. Bd5 Nxd5 15.
exd5 c4 16. Ndf4 Bb7 17. a3 Nb6 18. Nc3 Qd7 19. O-O-O a5 20. Ne6 fxe6 21. dxe6
Qxe6 22. d5 Qe5 23. Bd4 Qxd4 24. Qxd4 Bxd4 25. Nxb5 Be3+ 26. Kb1 Kd7 27. Rhe1
Bf4 28. Rd4 Be5 29. Rde4 Bxd5 30. R4e2 Bc6 31. Nc3 Rhe8 32. Nd1 Bg3 33. Rf1 Nd5
34. Re4 c3 35. b3 Bb5 36. Rfe1 Bxe1 37. Rxe1 Rf8 38. g4 Rxf3 39. gxh5 gxh5 0-1

[Event "15. Sueder Sommerpokal 2005"]
[Site "Recklinghausen GER"]
[Date "2005.08.01"]
[Round "1.27"]
[White "Dunst, Wilhelm"]
[Black "Maibaum, Ludwig"]
[Result "1-0"]
[WhiteElo "1805"]
[BlackElo "1566"]
[PlyCount "69"]
[EventDate "2005.08.01"]
[EventType "swiss"]
[EventRounds "9"]
[EventCountry "GER"]
[Source "lmi"]
[SourceDate "2005.08.02"]

1. e4 c5 2. d4 cxd4 3. Qxd4 Nc6 4. Qe3 d6 5. Bd2 Nf6 6. Nc3 Bd7 7. O-O-O g6 8.
f3 Bg7 9. g4 Be6 10. Bb5 a6 11. Ba4 b5 12. Bb3 Bxb3 13. axb3 Nb4 14. Qe1 Qc7
15. Nge2 Rc8 16. Kb1 Nd7 17. Be3 Ne5 18. Qf2 O-O 19. h4 Qb7 20. Nd4 Nec6 21. h5
Nxd4 22. Bxd4 Nc6 23. Bxg7 Kxg7 24. Nd5 e6 25. h6+ Kh8 26. Nf6 Qe7 27. g5 Rfd8
28. f4 e5 29. f5 Nd4 30. fxg6 fxg6 31. Rd2 Rc6 32. Rxd4 exd4 33. Qxd4 Rdc8 34.
Nd7+ Kg8 35. Qd5+ 1-0

[Event "15. Sueder Sommerpokal 2005"]
[Site "Recklinghausen GER"]
[Date "2005.08.01"]
[Round "1.28"]
[White "Kamper, Marco"]
[Black "Sharma, Danesh"]
[Result "0-1"]
[WhiteElo "1543"]
[BlackElo "1746"]
[PlyCount "44"]
[EventDate "2005.08.01"]
[EventType "swiss"]
[EventRounds "9"]
[EventCountry "GER"]
[Source "lmi"]
[SourceDate "2005.08.02"]

1. e4 e5 2. Nf3 Nc6 3. Bc4 Nf6 4. Ng5 Bc5 5. d3 O-O 6. O-O d6 7. Be3 Bb6 8.
Bxb6 axb6 9. f4 exf4 10. Nc3 Ne5 11. Bb3 Nfg4 12. Nxf7 Nxf7 13. Rxf4 Ngh6 14.
Qf3 g5 15. Rf6 Kg7 16. Rf1 Bg4 17. Qe3 Bh5 18. h4 gxh4 19. Nd5 Ng4 20. Qf4 Nxf6
21. Nxf6 Bg6 22. Bxf7 Rxf7 0-1

[Event "15. Sueder Sommerpokal 2005"]
[Site "Recklinghausen GER"]
[Date "2005.08.01"]
[Round "1.29"]
[White "Langers, Alexander"]
[Black "Kühneweg, Christian"]
[Result "1-0"]
[WhiteElo "1734"]
[BlackElo "1496"]
[PlyCount "45"]
[EventDate "2005.08.01"]
[EventType "swiss"]
[EventRounds "9"]
[EventCountry "GER"]
[Source "lmi"]
[SourceDate "2005.08.02"]

1. e4 c5 2. Nf3 Nc6 3. d4 cxd4 4. Nxd4 e6 5. Nc3 a6 6. Be2 g6 7. Be3 Bg7 8. O-O
Nge7 9. Kh1 b5 10. Nxc6 Nxc6 11. a3 Bb7 12. Bc5 Rc8 13. f4 Na5 14. Bd4 Bxd4 15.
Qxd4 O-O 16. Rad1 Rc7 17. Rf3 f5 18. Bd3 fxe4 19. Nxe4 Rf5 20. Qb6 Rc8 21. Qf2
Bxe4 22. Bxe4 Rfc5 23. b4 1-0